00426nam a2200157Ia 450000500170000000800410001704000190005804100120007708200150008910000150010424500480011926000410016730000280020865000220023685000100025820230822142359.0131103s9999 xx 000 0 und d aLoreto College aEnglish a915.1bCHI aChih,Chung 3aAn outline of Chinese geographycChung Chih aPekingbForeign Language Pressc1978 a186,[44] p.b ill.,maps aChina - Geography aLCLIB